ARRUPE JESUIT UNIVERSITY

CORONAVIRUS -STOP THE SPREAD - CLEAN,DISINFECT,COVER

Effort: (Record no. 121873)

MARC details
000 -LEADER
fixed length control field 00516nam a22001577a 4500
008 - FIXED-LENGTH DATA ELEMENTS--GENERAL INFORMATION
fixed length control field 150121b xxu||||| |||| 00| 0 eng d
020 ## - INTERNATIONAL STANDARD BOOK NUMBER
International Standard Book Number 9780805860108
050 ## - LIBRARY OF CONGRESS CALL NUMBER
Classification number QP376.S355 2006
100 ## - MAIN ENTRY--PERSONAL NAME
Personal name Schulkin, Jay
9 (RLIN) 14553
245 ## - TITLE STATEMENT
Title Effort:
Remainder of title a behavioral neuroscience perspective on the will
Statement of responsibility, etc Jay Schulkin
260 ## - PUBLICATION, DISTRIBUTION, ETC. (IMPRINT)
Place of publication, distribution, etc New Jersey
Name of publisher, distributor, etc Lawrence Erlbaum Associates, Publishers
Date of publication, distribution, etc 2006
300 ## - PHYSICAL DESCRIPTION
Extent xvii, 180p. ;
Dimensions 22cm.
650 ## - SUBJECT ADDED ENTRY--TOPICAL TERM
Topical term or geographic name as entry element Brain
General subdivision physiology
9 (RLIN) 14383
650 ## - SUBJECT ADDED ENTRY--TOPICAL TERM
Topical term or geographic name as entry element Motivation
9 (RLIN) 14554
942 ## - ADDED ENTRY ELEMENTS (KOHA)
Source of classification or shelving scheme Library of Congress Classification
Item type Monograph ( Printed materials)
Holdings
Withdrawn status Lost status Source of classification or shelving scheme Damaged status Not for loan Collection code Home library Current library Shelving location Date acquired Total Checkouts Full call number Barcode Date last seen Price effective from Koha item type
    Library of Congress Classification     Main Collection ARRUPE LIBRARY ARRUPE LIBRARY Main Collection 21/01/2015   QP376.S355 2006 46500003002 02/07/2019 21/01/2015 Monograph ( Printed materials)

 

Arrupe Library. PO Box MP320 Mt Pleasant, Harare, Zimbabwe
263 242 745411|librarian@aju.ac.zw